Hauptstädte am Nächsten nach Berlin - Eine Minute Sprint - Statistiken

Allgemein
  • Dieses Quiz wurde 181 mal gespielt
  • Das Durchschnittsergebnis liegt bei 13 aus 20
Antwortstatistiken
Km Hauptstadt % Korrekt
281 Prag
96%
524 Wien
95%
518 Warschau
94%
355 Kopenhagen
89%
652 Brüssel
86%
880 Paris
86%
578 Amsterdam
85%
754 Bern
83%
810 Stockholm
75%
603 Luxemburg
73%
840 Oslo
67%
553 Bratislava
61%
933 London
54%
848 Riga
54%
661 Vaduz
53%
689 Budapest
51%
820 Vilnius
45%
954 Minsk
40%
724 Ljubljana
32%
771 Zagreb
25%
Keine übereinstimmenden Quizze gefunden
Verteilung der Resultate
Anzahl Personen mit jedem Resultat
Perzentil nach korrekt beantworteten Fragen
Ihre Resultats-Entwicklung
Sie haben dieses Quiz noch nicht gespielt